00421nam a2200145Ia 4500003000900000008004100009040001600050080001500066100001700081245005900098260003400157300001400191490004600205650002400251IN-BaIIA211028s9999 xx 000 0 eng d cIIA Library a521.1bPOI aPoincare, H. 0aLecons de mecanique celestebvol. IcH. Poincare  aParisbGauthier Villarsc1905 avi, 365p. aCours de la faculte des sciences de Paris aCelestial Mechanics